Tenisový klub s reštauráciou - Pri Habánskom mlyne

Gespeichert in:
Bibliographische Detailangaben
1. Verfasser: Kišiday, Štefan, 1987- (Verfasst von)
Weitere Verfasser: Janáková, Oľga, 1943- (Betreuung Doktorarbeit)
Format: Manuskript Buch
Sprache:Slowakisch
Veröffentlicht: Bratislava : STU v Bratislave FA, 2010
Schlagworte:
Online-Zugang:VAIS
Tags: Tag hinzufügen
Keine Tags, Fügen Sie das erste Tag hinzu!

MARC

LEADER 00000ntm a22000003a 4500
001 stu219039
005 20210728093547.7
008 101208s2010----xo------------------slo-d
040 |a STU  |b slo 
041 0 |a slo 
044 |a xo 
100 1 |a Kišiday, Štefan,  |d 1987-  |4 aut  |u A  |T FAD Fakulta architektúry  |X 40117  |U A  |Y 50  |7 A000040117 
242 0 0 |a Tennis club with a restaurant  |y eng 
245 1 |a Tenisový klub s reštauráciou - Pri Habánskom mlyne 
260 |a Bratislava :  |b STU v Bratislave FA,  |c 2010 
650 7 |a architektúra a urbanizmus  |2 stusub 
650 7 |a Architecture and Urban Design  |2 estusub 
650 7 |a reštaurácia  |2 stusub 
650 7 |a tenisová hala  |2 stusub 
700 1 |a Janáková, Oľga,  |d 1943-  |4 ths  |u A5150  |U FAD Fakulta architektúry  |U FAD Fakulta architektúry  |T FA Ústav interiéru a výstavníctva  |X 386  |U A5150  |Y 396  |7 A000000386 
856 4 |a info a plný text  |u http://is.stuba.sk/zp/portal_zp.pl?podrobnosti=5135  |u https://opac.crzp.sk/?fn=detailBiblioForm&sid=4156E77560192824BD661896D6BB  |3 VAIS